[Event "Erfurt HT op 24th"]
[Site "Erfurt"]
[Date "2014.12.28"]
[Round "4"]
[White "Oshionwu, Nelo"]
[Black "Feicht, Arno"]
[Result "0-1"]
[WhiteElo "1902"]
[BlackElo "2093"]
[PlyCount "76"]
[EventDate "2014.12.26"]
[EventType "swiss"]
[EventRounds "8"]
[EventCountry "GER"]
[SourceTitle "CBM 164 Extra"]
[Source "ChessBase"]
[SourceDate "2015.03.02"]
[SourceVersion "1"]
[SourceVersionDate "2015.03.02"]
[SourceQuality "1"]

1. e4 c5 2. b4 cxb4 3. a3 bxa3 4. Bxa3 d6 5. Nf3 Nc6 6. d4 g6 7. h4 Bg4 8. c3 Nf6 9. Bc4 Bg7 10. Qb3 0-0 11. Ng5 Qe8 12. f3 Bd7 13. Bc1 b6 14. h5 Na5 15. Rxa5 bxa5 16. hxg6 hxg6 17. e5 d5 18. Bd3 Ba4 19. Qa2 Bb5 20. Bxb5 Qxb5 21. g4 Rfe8 22. Na3 Qd3 23. Qh2 Qxc3+ 24. Kf2 Qxd4+ 25. Kg3 Qxe5+ 26. Bf4 Qc3 27. Nb5 Qd3 28. Nc7 e5 29. Bc1 e4 30. Bd2 d4 31. Nxa8 Rxa8 32. Kh4 exf3 33. Re1 Rc8 34. Nxf7 Kxf7 35. g5 Rh8+ 36. Kg3 Rxh2 37. Kxh2 f2 38. gxf6 fxe1Q 0-1

[Event "Niedersachsen-ch"]
[Site "Verden"]
[Date "2014.01.03"]
[Round "3"]
[White "Raetzke von Stoyentin, Steffen"]
[Black "Oshionwu, Nelo"]
[Result "1-0"]
[WhiteElo "1824"]
[BlackElo "1912"]
[PlyCount "62"]
[EventDate "2014.01.02"]
[EventType "swiss"]
[EventRounds "7"]
[EventCountry "GER"]
[SourceTitle "EXT 2016"]
[Source "ChessBase"]
[SourceDate "2015.10.08"]
[SourceVersion "1"]
[SourceVersionDate "2015.10.08"]
[SourceQuality "1"]

1. Nf3 Nf6 2. c4 g6 3. Nc3 Bg7 4. e4 d6 5. d4 0-0 6. Be2 c5 7. 0-0 cxd4 8. Nxd4 Nc6 9. Be3 Bd7 10. Qd2 Rc8 11. f4 Bg4 12. Bxg4 Nxg4 13. Nxc6 Rxc6 14. Bd4 e5 15. Bxa7 Qa5 16. Bf2 Nxf2 17. Qxf2 Rxc4 18. f5 b5 19. f6 Bh6 20. Qh4 Be3+ 21. Kh1 b4 22. Rae1 Bd2 23. Nb1 b3 24. axb3 Rc2 25. Rd1 h5 26. Qf2 Rfc8 27. Nxd2 Rxb2 28. Qe3 Qd8 29. Nc4 Rc2 30. Qh6 Qf8 31. Qxf8+ Kxf8 1-0

[Event "Niedersachsen-ch U18"]
[Site "Rotenburg"]
[Date "2013.03.28"]
[Round "8"]
[White "Hampel, Felix"]
[Black "Oshionwu, Nelo"]
[Result "1-0"]
[WhiteElo "2115"]
[BlackElo "1904"]
[PlyCount "109"]
[EventDate "2013.03.23"]
[EventType "swiss"]
[EventRounds "9"]
[EventCountry "GER"]
[SourceTitle "EXT 2015"]
[Source "ChessBase"]
[SourceDate "2014.11.20"]
[SourceVersion "1"]
[SourceVersionDate "2014.11.20"]
[SourceQuality "1"]

1. c4 e6 2. Nf3 Nf6 3. g3 c5 4. Nc3 Nc6 5. Bg2 d5 6. cxd5 exd5 7. d4 Be6 8. 0-0 Be7 9. dxc5 Bxc5 10. Bg5 Be7 11. Qa4 Qd7 12. Rfd1 Rd8 13. e4 d4 14. Nxd4 Nxd4 15. Rxd4 Qxa4 16. Rxd8+ Bxd8 17. Nxa4 h6 18. Be3 b6 19. b3 0-0 20. Rd1 Bc7 21. f4 Re8 22. e5 Ng4 23. Bc1 b5 24. Nc5 Bb6 25. b4 Bxa2 26. Bc6 Rc8 27. Bd7 Rxc5 28. bxc5 Bxc5+ 29. Kg2 Nf2 30. Rd2 Bc4 31. Rxf2 Bxf2 32. Kxf2 a5 33. Bd2 b4 34. Ke3 Kf8 35. Kd4 Be2 36. Ba4 Ke7 37. Bb3 f6 38. Kc5 g5 39. Kb6 gxf4 40. Bxf4 a4 41. exf6+ Kxf6 42. Bxa4 h5 43. h4 Kf5 44. Kc5 Ke6 45. Kxb4 Kd5 46. Kc3 Bg4 47. Kd2 Bf5 48. Ke3 Bg4 49. Bb3+ Kc5 50. Bb8 Kc6 51. Kf4 Kc5 52. Kg5 Kc6 53. Bf7 Bd1 54. Bxh5 Bc2 55. Bg6 1-0

[Event "GER-chT U16"]
[Site "Naumburg"]
[Date "2012.12.28"]
[Round "3"]
[White "Oshionwu, Nelo"]
[Black "Yankelevich, Lev"]
[Result "0-1"]
[WhiteElo "1974"]
[BlackElo "2180"]
[PlyCount "120"]
[EventDate "2012.12.27"]
[EventType "team-swiss"]
[EventRounds "7"]
[EventCountry "GER"]
[SourceTitle "EXT 2014"]
[Source "ChessBase"]
[SourceDate "2013.11.20"]
[SourceVersion "1"]
[SourceVersionDate "2013.11.20"]
[SourceQuality "1"]
[WhiteTeam "Gottingen Rochade"]
[BlackTeam "Trier"]
[WhiteTeamCountry "GER"]
[BlackTeamCountry "GER"]

1. Nf3 Nf6 2. c4 d6 3. g3 g6 4. b3 Bg7 5. Bb2 0-0 6. Bg2 e5 7. 0-0 Nc6 8. d3 Bf5 9. Nh4 Be6 10. Nd2 Qd7 11. Nhf3 Bh3 12. e3 Rfe8 13. d4 e4 14. Ne1 Bxg2 15. Kxg2 Qf5 16. Rc1 g5 17. c5 d5 18. h3 h5 19. a3 Qg6 20. Kh2 Nh7 21. Ng2 f5 22. Rg1 Nf6 23. b4 Nd8 24. Nf1 Qh6 25. Kh1 Ne6 26. Rc3 Kf7 27. Bc1 Qg6 28. h4 Ng4 29. Rc2 Bf6 30. f3 Nh6 31. hxg5 Qxg5 32. fxe4 fxe4 33. Nf4 Ng4 34. Nxe6 Kxe6 35. Nh2 Rh8 36. Nxg4 hxg4+ 37. Kg2 Rh3 38. Rf2 Rxg3+ 39. Kf1 Rxg1+ 40. Kxg1 Rh8 41. Rf4 Rh4 42. Qf1 Rh6 43. Qe2 Rh4 44. Qf1 Qh6 45. Qg2 Bg5 46. Rxg4 Bxe3+ 47. Kf1 Rh1+ 48. Ke2 Rh2 49. Rg6+ Qxg6 50. Qxh2 Bxc1 51. Qe5+ Kd7 52. Qxd5+ Kc8 53. Kd1 Bxa3 54. Qb3 Qg1+ 55. Ke2 Qg2+ 56. Ke1 Qh1+ 57. Kd2 Qc1+ 58. Ke2 Qb2+ 59. Qxb2 Bxb2 60. Ke3 c6 0-1

[Event "GER-chT U16"]
[Site "Naumburg"]
[Date "2012.12.27"]
[Round "1"]
[White "Oshionwu, Nelo"]
[Black "Koop, Thorben"]
[Result "0-1"]
[WhiteElo "1974"]
[BlackElo "2186"]
[PlyCount "59"]
[EventDate "2012.12.27"]
[EventType "team-swiss"]
[EventRounds "7"]
[EventCountry "GER"]
[SourceTitle "EXT 2014"]
[Source "ChessBase"]
[SourceDate "2013.11.20"]
[SourceVersion "1"]
[SourceVersionDate "2013.11.20"]
[SourceQuality "1"]
[WhiteTeam "Gottingen Rochade"]
[BlackTeam "Lingen"]
[WhiteTeamCountry "GER"]
[BlackTeamCountry "GER"]

1. e4 c5 2. Nc3 Nc6 3. f4 g6 4. Nf3 Bg7 5. Bb5 Nh6 6. d3 d6 7. h3 0-0 8. Bxc6 bxc6 9. Rb1 Rb8 10. Bd2 Kh8 11. Na4 c4 12. d4 f5 13. e5 Be6 14. Ng5 Bg8 15. Qe2 c5 16. dxc5 dxe5 17. c6 e4 18. Nc5 c3 19. Be3 Bxa2 20. b3 Bxb1 21. Nce6 Qd6 22. c7 Rbc8 23. Nxg7 Kxg7 24. Qc4 Nf7 25. Ne6+ Kg8 26. 0-0 Bxc2 27. Nxf8 Rxc7 28. Qb5 Kxf8 29. g4 Bd3 30. Rc1 0-1